| 000 | 00740 a2200217 4500 | ||
|---|---|---|---|
| 999 |
_c6663 _d6663 |
||
| 020 | _a9780340913383 (pbk.) | ||
| 020 | _a034091338X (pbk.) | ||
| 050 | 0 | 0 | _aP87.5 WAT 2006 |
| 100 | 1 |
_aWatson, James, _d1936- _eauthor |
|
| 245 | 1 | 0 |
_aDictionary of media and communication studies / _cJames Watson and Anne Hill. |
| 250 | _a7th ed. | ||
| 264 |
_aNew York: _bHodder Arnold., _c2006 |
||
| 300 |
_axxiv, 337 p. : _bill. ; |
||
| 500 | _alncludes index | ||
| 650 | 0 | _aCommunication | |
| 650 | 0 | _aMass media | |
| 700 | 1 |
_aHill, Anne, _d1952- |
|
| 856 | 4 | 2 |
_3Publisher description _uhttp://www.loc.gov/catdir/enhancements/fy0725/2006284262-d.html |
| 942 |
_2lcc _cREF _h87.5 _iWAT _kP |
||